Questions sur la fin de l'Empire Romain d'Occident - Statistiques

Statistiques générales
  • Ce quiz a été pris 30 fois
  • Le résultat moyen est 5 sur 13
Statistiques - réponses
Hint Réponse % Correct
Déposition de Romulus Augustule 476
79%
Nom de la frontière fortifiée romaine sur le Rhin et le Danube limes
68%
Empereur régnant de 284 à 300 donnant son nom à une importante réforme militaire Dioclétien
61%
Date du concile de Nicée 325
50%
Quel est le nom de la foi qui ne reconnaît pas la trinité de Dieu arien
50%
[...] et [gagnent/perdent?] perdent
43%
Les Romains rencontrent les Huns lors d'une bataille aux _____ ___________ [...] Champs Catalauniques
39%
[...] Entraînant la mort de l'Empereur Valens à Andrinople en ___ 378
29%
Date de la première arrivée massive des Goths dans l'Empire [...] 376
25%
Cette bataille décisive se déroule en 451
25%
Nom de la population qui défend de plus en plus les frontières romaines Germains
25%
On dit que l'armée romaine est un creuset d'________ intégration
4%
Date du premier foedus entre Romains et Barbares 418
0%
Aucun quiz correspondant
Distribution des résultats
% des personnes avec chaque résultat
Percentile par nombre de réponses
Votre historique - résultats
Vous n’avez pas pris ce quiz